000 00805cam a22002777a 4500
003 CHAP
005 20220817041307.0
008 971013d1974 sp a r 00010 spa d
010 _a10594
011 _a11566
035 _a10805
040 _cCHAP
082 0 4 _a635.9
_bB3
100 0 0 _aBaines, Jocelyn.
_99468
245 1 3 _aEl ABC de las plantas de interiores
260 _aMadrid :
_bBlume,
_c1974
300 _a191 p. :
_bilus
590 _aBATCH-UPD
_b10
_c20130110
_lUCH01
_h2042
590 _aCONVERSION
_b10
_c20130109
_lUCH01
_h1307
650 1 4 _aPlantas ornamentales.
700 0 _aKey, Katherine.
_963123
901 _aBK
942 _cLIBRO
949 _a635.9 B3
_bBC
_cC
_d33724000090544
_eC
_h27656
_i10805
_si
949 _a635.9 B3
_bBC
_cC
_d33724000713137
_eC
_fc.2
_h92208
_i10805
_kDonaciØn
_sb
999 _c10594
_d10594